Control automático de procesos químicos

Պահպանված է:
Մատենագիտական մանրամասներ
Հիմնական հեղինակներ: Solar Madariaga, Iván (Հեղինակ), Pérez Correa, Ricardo (Հեղինակ)
Ձևաչափ: Գիրք
Լեզու:իսպաներեն
Հրապարակվել է: Santiago Universidad Católica de Chile 1993
Շարք:Textos universitarios
Խորագրեր:
Ցուցիչներ: Ավելացրեք ցուցիչ
Չկան պիտակներ, Եղեք առաջինը, ով նշում է այս գրառումը!

MARC

LEADER 00000nam a2200000 a 4500
001 UCY2869
003 CL-VaPUC
008 941125e19930000CL |||||||||||||||||spa|d
020 |a 9561403221 
082 0 4 |a 660.281  |b SOL  |2 21 
100 0 |a Solar Madariaga, Iván  |e author  |9 331014 
700 0 |a Pérez Correa, Ricardo  |e author  |9 331015 
245 1 0 |a Control automático de procesos químicos 
300 |a 225 p 
942 |c BK 
945 |d 19941125 00:00:00  |a mfernand 
260 |a Santiago  |b Universidad Católica de Chile  |c 1993 
650 0 |a Procesos químicos  |9 259436 
650 0 |a Control automático  |9 259890 
650 0 |a Control de procesos químicos  |9 263098 
650 7 |a METODOS DE SIMULACION  |2 CL-VaPUC  |9 260497 
583 |a last modification  |c 19941125 00:00:00  |k Rodrigo Vera 
490 0 |a Textos universitarios 
999 |c 231155  |d 231153 
952 |0 0  |1 0  |4 0  |6 660_281000000000000_SOL_1993  |7 0  |8 A  |9 233999  |a BIBING  |b BIBING  |d 2019-11-15  |i 3039552  |o 660.281 SOL 1993  |p 3039552  |r 2025-01-20  |w 2019-11-15  |y BK  |k EIQ 
952 |0 0  |1 0  |4 0  |6 660_281000000000000_SOL_1993  |7 0  |8 A  |9 234001  |a BIBING  |b BIBING  |d 2019-11-15  |i 3798542  |l 1  |o 660.281 SOL 1993  |p 3798542  |r 2025-01-20  |s 2023-11-27  |w 2019-11-15  |y BK  |k EIQ 
952 |0 0  |1 0  |4 0  |6 660_281000000000000_SOL_1993  |7 0  |8 A  |9 234002  |a BIBING  |b BIBING  |d 2019-11-15  |i 3561895  |o 660.281 SOL 1993  |p 3561895  |r 2025-01-20  |w 2019-11-15  |y BK  |k EIB 
952 |0 0  |1 0  |4 0  |6 660_281000000000000_SOL_1993  |7 0  |8 A  |9 234003  |a BIBING  |b BIBING  |d 2019-11-15  |i 4158636  |o 660.281 SOL 1993  |p 4158636  |r 2025-01-20  |w 2019-11-15  |y BK  |k EIQ 
952 |0 0  |1 0  |4 0  |6 660_281000000000000_SOL_1993  |7 0  |8 A  |9 234004  |a BIBING  |b BIBING  |d 2019-11-15  |i 4158644  |o 660.281 SOL 1993  |p 4158644  |r 2025-01-20  |w 2019-11-15  |y BK  |k EIQ 
952 |0 0  |1 0  |4 0  |6 660_281000000000000_SOL_1993  |7 0  |8 A  |9 234005  |a BIBING  |b BIBING  |d 2019-11-15  |i 4158652  |o 660.281 SOL 1993  |p 4158652  |r 2025-01-20  |w 2019-11-15  |y BK  |k EIQ 
952 |0 0  |1 0  |4 0  |6 660_281000000000000_SOL_1993  |7 0  |8 A  |9 234006  |a BIBING  |b BIBING  |d 2019-11-15  |i 4158660  |o 660.281 SOL 1993  |p 4158660  |r 2025-01-20  |w 2019-11-15  |y BK  |k EIQ 
952 |0 0  |1 0  |4 0  |6 660_281000000000000_SOL_1993  |7 0  |8 A  |9 234007  |a BIBING  |b BIBING  |d 2019-11-15  |i 4158679  |o 660.281 SOL 1993  |p 4158679  |r 2025-01-20  |w 2019-11-15  |y BK  |k EIQ